Stati per minore Uguaglianza di reddito - Statistics

Statistiche generali
  • Questo quiz è stato fatto 5 volte
  • Il punteggio medio è 7 su 15
Statistiche sulle risposte
Indice di Gini in % Continente Nazione % Corretto
52,9 America del Sud Brasile
75%
50,9 America del Nord Panama
75%
48,9 Africa Repubblica del Congo
75%
51,3 Africa Angola
50%
57,9 America del Nord Belize
50%
53,3 Africa Botswana
50%
51,5 America del Sud Colombia
50%
54,6 Africa eSwatini
50%
59,1 Africa Namibia
50%
63,0 Africa Sudafrica
50%
50,5 Africa Mozambico
25%
57,9 America del Sud Suriname
25%
55,9 Africa Zambia
25%
50,3 Africa Zimbabwe
25%
51,2 America del Nord Saint Lucia
0%
Nessun quiz corrispondente trovato
Distribuzione punteggi
Percentuale di utenti per punteggio
Percentile per numero di risposta
I tuoi punteggi nel tempo
Non hai fatto questo quiz